Marketing Logistics : (Record no. 5678)
[ view plain ]
| 000 -LEADER | |
|---|---|
| fixed length control field | 00832cam a22002292 4500 |
| 001 - CONTROL NUMBER | |
| control field | 0000002164 |
| 005 - DATE AND TIME OF LATEST TRANSACTION | |
| control field | 20151217151841.0 |
| 008 - FIXED-LENGTH DATA ELEMENTS--GENERAL INFORMATION | |
| fixed length control field | 070403s xx 000 0 eng d |
| 020 ## - INTERNATIONAL STANDARD BOOK NUMBER | |
| International Standard Book Number | 8178089696 : |
| Terms of availability | KES 530 |
| 040 ## - CATALOGING SOURCE | |
| Original cataloging agency | KABU |
| Transcribing agency | KABU |
| 050 #0 - LIBRARY OF CONGRESS CALL NUMBER | |
| Classification number | HF5415 |
| Item number | .K37 |
| 100 1# - MAIN ENTRY--PERSONAL NAME | |
| Personal name | Kapoor, Satish K. |
| -- | 0000151426 |
| 245 10 - TITLE STATEMENT | |
| Title | Marketing Logistics : |
| Remainder of title | supply chain approach: development and exploit logistics activities that will take your company to the forefront of your industry / |
| Statement of responsibility, etc. | Satish K. Kapoor, Purve Kansal. |
| 260 ## - PUBLICATION, DISTRIBUTION, ETC. (IMPRINT) | |
| Place of publication, distribution, etc. | Patparganj, Delhi : |
| Name of publisher, distributor, etc. | Pearson Education, |
| Date of publication, distribution, etc. | c2003. |
| 300 ## - PHYSICAL DESCRIPTION | |
| Extent | xvi, 282 p. ; |
| Dimensions | c2003. |
| 650 #0 - SUBJECT ADDED ENTRY--TOPICAL TERM | |
| Topical term or geographic name as entry element | Marketing. |
| -- | 0000151351 |
| 650 #0 - SUBJECT ADDED ENTRY--TOPICAL TERM | |
| Topical term or geographic name as entry element | Business logistics. |
| -- | 0000148287 |
| 700 1# - ADDED ENTRY--PERSONAL NAME | |
| Personal name | Kansal, Purva. |
| -- | 0000151427 |
| 908 ## - PUT COMMAND PARAMETER (RLIN) | |
| Put command parameter | 070403 |
| 950 ## - LOCAL HOLDINGS (RLIN) | |
| -- | 1 |
| Withdrawn status | Lost status | Source of classification or shelving scheme | Not for loan | Home library | Current library | Date acquired | Total Checkouts | Full call number | Barcode | Date last seen | Date last checked out | Price effective from | Koha item type |
|---|---|---|---|---|---|---|---|---|---|---|---|---|---|
| Library of Congress Classification | Kabarak, Main Campus | Kabarak, Main Campus | 17/12/2015 | 1 | HF5415 .K37 | 003704 | 18/05/2017 | 15/07/2016 | 17/12/2015 | General Collection |